Statistics for All-Time NFL Rushing Leaders

Click here to take the quiz!

General Stats

  • This quiz has been taken 534 times
  • The average score is 12 of 16

Answer Stats

YardsPrimary teamPlayer% Correct
18,355CowboysEmmitt Smith
97%
15,269LionsBarry Sanders
96%
16,726BearsWalter Payton
94%
14,216VikingsAdrian Peterson
92%
13,684ChargersLaDainian Tomlinson
88%
15,34749ersFrank Gore
85%
12,312BrownsJim Brown
84%
13,662SteelersJerome Bettis
76%
13,259RamsEric Dickerson
75%
12,279RamsMarshall Faulk
66%
12,120SteelersFranco Harris
64%
12,243RaidersMarcus Allen
59%
14,101JetsCurtis Martin
53%
12,246ColtsEdgerrin James
53%
12,074BillsThurman Thomas
52%
12,739CowboysTony Dorsett
46%

Score Distribution

Percentile by Number Answered

Percent of People with Each Score

Your Score History

You have not taken this quiz